<?xml version="1.0" encoding="UTF-8"?>
<record
    xmlns:xsi="http://www.w3.org/2001/XMLSchema-instance"
    xsi:schemaLocation="http://www.loc.gov/MARC21/slim http://www.loc.gov/standards/marcxml/schema/MARC21slim.xsd"
    xmlns="http://www.loc.gov/MARC21/slim">

  <leader>01109    a2200217   4500</leader>
  <controlfield tag="001">53333</controlfield>
  <controlfield tag="005">20260407155807.0</controlfield>
  <controlfield tag="008">260407a1968    arg                 spa d</controlfield>
  <controlfield tag="003">AR-UNSa-BCEJYS</controlfield>
  <datafield tag="040" ind1=" " ind2=" ">
    <subfield code="a">AR-UNSa-BCEJYS</subfield>
    <subfield code="b">spa</subfield>
    <subfield code="c">AR-UNSa-BCEJYS</subfield>
  </datafield>
  <datafield tag="080" ind1=" " ind2=" ">
    <subfield code="a">551.46</subfield>
    <subfield code="x">Oceanograf&#xED;a f&#xED;sica. Topograf&#xED;a submarina. Fondo oce&#xE1;nico </subfield>
  </datafield>
  <datafield tag="245" ind1="1" ind2="0">
    <subfield code="a">El cultivo del oc&#xE9;ano</subfield>
  </datafield>
  <datafield tag="264" ind1=" " ind2="1">
    <subfield code="a">Barcelona :</subfield>
    <subfield code="b">Labor</subfield>
    <subfield code="c">1968</subfield>
  </datafield>
  <datafield tag="300" ind1=" " ind2=" ">
    <subfield code="a">201 p.</subfield>
    <subfield code="c">19 cm.</subfield>
  </datafield>
  <datafield tag="505" ind1=" " ind2=" ">
    <subfield code="a">Primera Parte: EL MUNDO MARINO: 1. El medio marino &#x2013; 2. Los seres vivientes - - Segunda Parte: AGRESIONES CONTRA EL  MUNDO MARINO: 1. Contaminaciones destructoras &#x2013; 2. La explotaci&#xF3;n oce&#xE1;nica &#x2013; 3. Aportaci&#xF3;n directa o indirecta a la diet&#xE9;tica humana &#x2013; 4. Capturar sin despoblar - - Tercera Parte: CULTIVO Y CR&#xCD;A MARINOS: 1. Ensayos t&#xE9;cnicos de laboratorio &#x2013; 2. Ensayos de enriquecimiento del medio marino &#x2013; 3. La piscifactura marina &#x2013; 4. La preparaci&#xF3;n de las lagunas para la cr&#xED;a marina. </subfield>
  </datafield>
  <datafield tag="041" ind1=" " ind2=" ">
    <subfield code="a">spa</subfield>
  </datafield>
  <datafield tag="942" ind1=" " ind2=" ">
    <subfield code="c">BK</subfield>
  </datafield>
  <datafield tag="590" ind1=" " ind2=" ">
    <subfield code="a">niveau_biblio:m niveau_hierar:0</subfield>
  </datafield>
  <datafield tag="100" ind1="1" ind2=" ">
    <subfield code="a">Aubert, Maurice</subfield>
  </datafield>
  <datafield tag="700" ind1="1" ind2=" ">
    <subfield code="a">Ribera, Antonio</subfield>
  </datafield>
  <datafield tag="999" ind1=" " ind2=" ">
    <subfield code="c">5189</subfield>
    <subfield code="d">5189</subfield>
  </datafield>
  <datafield tag="952" ind1=" " ind2=" ">
    <subfield code="0">0</subfield>
    <subfield code="1">0</subfield>
    <subfield code="4">0</subfield>
    <subfield code="7">0</subfield>
    <subfield code="a">BCEJYS</subfield>
    <subfield code="b">BCEJYS</subfield>
    <subfield code="c">16</subfield>
    <subfield code="d">2026-04-07</subfield>
    <subfield code="l">0</subfield>
    <subfield code="o">551.46 A888</subfield>
    <subfield code="p">L21860</subfield>
    <subfield code="r">2026-04-07 15:58:07</subfield>
    <subfield code="w">2026-04-07</subfield>
    <subfield code="y">L</subfield>
  </datafield>
  <datafield tag="952" ind1=" " ind2=" ">
    <subfield code="0">0</subfield>
    <subfield code="1">0</subfield>
    <subfield code="4">0</subfield>
    <subfield code="7">0</subfield>
    <subfield code="a">BCEJYS</subfield>
    <subfield code="b">BCEJYS</subfield>
    <subfield code="c">16</subfield>
    <subfield code="d">2026-04-07</subfield>
    <subfield code="l">0</subfield>
    <subfield code="o">551.46 A888</subfield>
    <subfield code="p">L21859</subfield>
    <subfield code="r">2026-04-07 15:58:07</subfield>
    <subfield code="w">2026-04-07</subfield>
    <subfield code="y">L</subfield>
  </datafield>
</record>
